000
00295 a2200121 4500
005
20240408172034.0
008
240408b |||||||| |||| 00| 0 eng d
020
_a
9789388423441
100
_a
Sharma R.
245
_a
5 A.M. क्लब
260
_b
Jaico Publishing House
_c
2018
942
_c
BK
999
_c
357220
_d
357220